Halifax house price index (Record no. 78187)

MARC details
000 -LEADER
fixed length control field 01212cab a2200229 4500
001 - CONTROL NUMBER
control field L136198
008 - FIXED-LENGTH DATA ELEMENTS--GENERAL INFORMATION
fixed length control field 070117n2007 000 0 eng u
035 ## - SYSTEM CONTROL NUMBER
System control number (Sirsi) u136198
041 0# - LANGUAGE CODE
Language code of text/sound track or separate title eng
050 04 - LIBRARY OF CONGRESS CALL NUMBER
Classification number 333.33 $2 18
110 2# - MAIN ENTRY--CORPORATE NAME
Corporate name or jurisdiction name as entry element HBOS plc
9 (RLIN) 4703
245 00 - TITLE STATEMENT
Title Halifax house price index
Remainder of title national index December 2006
Medium [electronic resource]
260 ## - PUBLICATION, DISTRIBUTION, ETC.
Place of publication, distribution, etc. London
Name of publisher, distributor, etc. HBOS
Date of publication, distribution, etc. 2007
490 #0 - SERIES STATEMENT
Series statement Halifax house price index
Volume/sequential designation December 2006
520 ## - SUMMARY, ETC.
Summary, etc. House prices fell by 1.0% in December although they increased by 9.9% in 2006 overall, just above the long-term average of 8% per year. Continued economic growth, rising employment and an ongoing lack of supply will continue to drive up house prices over the coming months. Higher interest rates, greater pressure on household finances and subdued real earnings growth will, however, constrain housing demand. HBOS expects house prices to increase by 4% in 2007.
590 ## - LOCAL NOTE (RLIN)
Local note KA
650 24 - SUBJECT ADDED ENTRY--TOPICAL TERM
Topical term or geographic name entry element HALIFAX HOUSE PRICE INDEX
651 #4 - SUBJECT ADDED ENTRY--GEOGRAPHIC NAME
Geographic name United Kingdom
Chronological subdivision
690 ## - LOCAL SUBJECT ADDED ENTRY--TOPICAL TERM (OCLC, RLIN)
Topical term or geographic name as entry element PROPERTY-RESIDENTIAL PROPERTY-RESIDENTIAL PROPERTY MARKET
856 40 - ELECTRONIC LOCATION AND ACCESS
Uniform Resource Identifier <a href="https://www.hbosplc.com/economy/housingresearch.asp">https://www.hbosplc.com/economy/housingresearch.asp</a>
Public note View the index free of charge on www.hbosplc.com
942 ## - ADDED ENTRY ELEMENTS (KOHA)
Suppress in OPAC 0

No items available.